000 01154 a2200241 4500
001 2286
005 20260407155423.0
008 260407a2010 arg spa d
003 AR-UNSa-BCEJYS
040 _aAR-UNSa-BCEJYS
_bspa
_cAR-UNSa-BCEJYS
080 _a340.5
_xDerecho Comparado
245 1 0 _aJusticia colectiva
020 _a978-987-30-0078-2
264 1 _aBuenos Aires :
_bRubinzal-Culzoni Editores
_c2010
300 _a344 p.
_c22 cm.
505 _a1. El conflicto colectivo. Tipicidad - 2. El proceso colectivo. Fundamentos y objetivos - 3. Evolución jurisprudencial y derecho comparado - 4. El proceso colectivo. Noción y caracteres - 5. El proceso colectivo. Elementos - 6. Legitimación - 7. La sentencia colectiva - 8. La cuestión constitucional - 9. La legislación provincial - 10. El régimen en las relaciones de consumo (Ley 36.361) - 11. Casuística
041 _aspa
942 _cBK
590 _aniveau_biblio:m niveau_hierar:0
100 1 _aLorenzetti, Ricardo Luis
700 1 _aCatalano, Mariana
856 4 1 _uhttps://biblioeco.unsa.edu.ar/pmb/images/libros/Justicia colectiva2-l118261.jpg
_yImagen de portada
_qimage/jpeg
999 _c261
_d261